000
00233nam a2200097Ia 4500
001
655177
005
20250826154532.0
008
250824s9999 xx 000 0 und d
245
0
_a
Serüven Avcıları
_c
Jeanne Birdsall
260
_b
ALTIN
999
_c
655177
_d
655177